Państwa świata z literą F - Statystyki

Ogólne statystyki
  • Ten quiz został rozwiązany 1 607 razy
  • Średni wynik to 6 z 8
Statystyki odpowiedzi
Państwa % Poprawnych
Francja
97%
Finlandia
93%
Filipiny
87%
Fidżi
85%
Afganistan
70%
Republika Południowej Afryki
53%
Republika Środkowoafrykańska
52%
Burkina Faso
43%
Nie znaleziono quizów pasujących do podanych kryteriów
Rozkład punktacji
Procent ludzi z każdym wynikiem
Percentyl według liczby udzielonych odpowiedzi
Twoja historia wyników
Nie rozwiązałeś tego quizu